[Event "IND-ch"]
[Site ""]
[Date "2003.01.22"]
[Round "8"]
[White "Sundararajan Kidambi"]
[Black "Saravanan Venkat"]
[Result "1-0"]
[WhiteElo "2416"]
[BlackElo "2357"]
[Annotator "Tsesarsky"]
[Source "CBM 094"]
[Remark ""]

1.Nf3 g6 2.c4 Bg7 3.d4 c5 4.e4 cxd4 5.Nxd4 Nc6 6.Be3 Nf6 7.Nc3
d6 8.Be2 O-O 9.O-O Bd7 10.Qd2 Nxd4 11.Bxd4 Bc6 12.f3 a5 13.b3
Nd7 14.Be3 Nc5 15.Rab1 Qb6 16.Rfc1 Qb4 {This variation is well known and is deeply investigated. White mostly receives an advantage because of space advantage.}
( 16...Rfc8 {%05Another mainline is} ) 17.Rc2 ( 17.Qb2 Qb6 18.Qd2
Qb4 19.Rc2 Rfc8 20.Qc1 Qb6 21.a3 Qd8 22.Qd2 h5 23.Bf1 Kh7 24.b4
axb4 25.axb4 Ne6 26.Nd5 Ra3 27.Ra2 ( 27.Bb6 Qf8 28.Qf2 Be5 29.Rd2
$14 ( 29.g3 {?!} Ng5 30.Be3 Bxd5 31.Bxg5 {½-½ Dominguez,L-Gonzalez,B/Valencia 2000/EXT 2001 (31)}
) ) Rca8 28.Rxa3 Rxa3 29.Re1 {%15LD(f3:f5)} $16 ) Rfc8 18.Qc1
Qb6 19.Bf1 ( 19.a3 {%05White can immediately start to implement plan of a2-a3 and b3-b4 promotion:}
Qd8 ( 19...Qc7 20.b4 axb4 21.axb4 Na4 22.Nd5 $14 ( 22.b5 Nxc3
23.Rxc3 Bd7 24.Rc2 b6 {=} {1-0 Salokangas,H-Salmensuu,O/Tampere 1995/EXT 98 (66)}
) ) 20.Qd2 ( 20.b4 axb4 21.axb4 Na4 $131 {½-½ Delchev,A-Saravanan,V/Linares 1999/CBM 68 ext (33)}
) ( 20.Bf1 b6 21.b4 axb4 22.axb4 Nd7 23.Qd2 Ra3 24.Ne2 Ne5 25.Nd4
Bd7 26.Ra2 Rxa2 27.Qxa2 Ra8 28.Qf2 $130 {1-0 Yagupov,I-Zavgorodniy,S/Alushta 2001/EXT 2002 (46)}
) e6 ( 20...a4 21.b4 Nb3 22.Qd1 e5 23.b5 Be8 24.Nd5
( 24.Nxa4 Nd4 25.Ra2 $14 ) Nd4 25.Rd2 Bd7 26.Bxd4 exd4 27.Rxd4
$14 {½-½ Salguero,F-Hernandez,G/Bariloche 1991/EXT 97 (32)} )
21.Bf1 {-see commented game  1-0 Gelfand,B-Anand,V/Manila 1990/CBM 19[Gelfand,B] (53)}
) ( 19.Kh1 Qd8 20.Qe1 ( 20.Bf1 Qf8 21.Qd2 f5 {-see commented game  ½-½ Ribli,Z-Boshku,H/Novi Sad 1990/TD[Ribli,Z] (28)}
) ( 20.Qd2 b6 ( 20...h5 21.Re1 Qb6 22.Nb5 Qd8 23.Bf1 Ne6 24.Nc3
Nc5 25.Rcc1 Qb6 26.Nb5 Qd8 27.e5 $14 {1-0 Spraggett,K-Rausis,I/Metz 1997/EXT 99 (49)}
) 21.Rcc1 Bb7 22.Bd1 Kh8 23.Bc2 Qf8 24.Re1 e6 25.Rbd1 Rd8 26.a3
Rd7 27.b4 $16 {1-0 Llanes Hurtado,M-Pascual Paredes,J/ESP 1997/EXT 2001 (51)}
) Qf8 21.Nd5 Bxd5 22.exd5 Re8 23.Qd2 h5 24.Bf1 Kh7 25.Qf2 e6
26.dxe6 Rxe6 27.Rd1 Qe7 28.Bf4 $14 {½-½ Ulibin,M-Bosch,J/Leeuwarden 1997/EXT 99 (74)}
) ( 19.Nd1 Qd8 20.Nf2 {Piece Path} Qf8 21.Qd2 h6 22.Rcc1 Kh7
( 22...b6 ) 23.Kh1 f5 {!?} ( 23...h5 {?!} {%15A(g5) A(h7)} {Black ignores Nc3-d1-f2 manouevre.}
) ) Qd8 20.Qd2 ( 20.a3 Qf8 21.b4 axb4 22.axb4 Na4 23.Ne2 Bd7
24.Qd2 $14 {½-½ Franco Ocampos,Z-Gonzalez,Y/Havana 2002/CBM 88 ext (59)}
) h5 {This move's idea is to prepare Bg7-h6 with BB exchange. The main disadvantage of this move is Kg8 weakening.}
21.Kh1 ( 21.a3 Kh7 22.Kh1 b6 23.Qf2 Rcb8 24.b4 axb4 25.axb4 Nd7
26.Nd5 e6 27.Nc3 Ne5 28.Rd1 $16 {1-0 Smejkal,J-Muse,M/Altensteig 1991/CBM 25 (40)}
) Kh7 22.Qf2 Bh6 {?$18} {Probably decisive mistake.}
( 22...Qf8 {%03'better is'} 23.Nd5 Nd7 24.Rd1 $16 ) 23.Bxh6 Kxh6
24.e5 {!} b6 25.Rd1 Nb7 26.Bd3 Qc7 ( 26...Kg7 {%05In case of}
27.Be4 Bxe4 {both recaptures lead to winning position:} 28.Nxe4
( 28.fxe4 Rc6 29.Rcd2 Qc8 30.Qd4 Kg8 31.exd6 Nxd6 32.Nd5 Qe6
33.e5 Nf5 34.Qe4 {%15LD(d5:f4) LD(e4:a8)} Re8 35.Nf4 Qc8 36.Kg1
$18 ( 36.e6 Rd6 $16 ) ) Rc6 29.Rcd2 Qc7 30.Qe1 dxe5
( 30...a4 31.Nc3 axb3 32.axb3 Qd8 33.Qe3 $18 ) 31.Rd7 Qc8 32.Rxe7
Re6 33.Rdd7 Rxe7 34.Rxe7 $18 ) 27.e6 {!} {%15A(g6) A(h6)} f5
( 27...Nc5 {%05Or} 28.exf7 Nxd3 29.Rxd3 Kg7 30.Qd4+ Kxf7 31.Re2
$18 {%15A(f7)} ) ( 27...fxe6 28.Qe3+ Kh7 29.Qxe6 Rg8 30.Re2 Rg7
31.Qh3 $18 {%15A(h7)} ) 28.Qe3+ Kh7 29.Bxf5 {!} gxf5 30.Qg5 Rh8
( 30...Rf8 31.Qxh5+ Kg7 32.Qg5+ Kh7 33.Rd4 f4 34.Nd5 $18 ) 31.Nd5
Bxd5 32.Qxf5+ Kh6 33.Qf4+ Kh7 34.Qf7+ Kh6 35.Rxd5 1-0

[Event "Leon"]
[Site ""]
[Date "1993.??.??"]
[Round "8"]
[White "Topalov Veselin"]
[Black "Romero Holmes Alfonso"]
[Result "1-0"]
[WhiteElo "2635"]
[BlackElo "2210"]
[Annotator "Ftacnik"]
[Source "CBM 036"]
[Remark ""]

1.e4 c5 2.Nf3 d6 3.d4 cxd4 4.Nxd4 Nf6 5.Nc3 g6 6.Be3 Bg7 7.f3
O-O 8.Qd2 Nc6 9.Bc4 Bd7 10.h4 Ne5 11.Bb3 h5 12.O-O-O Rc8 13.Bg5
Rc5 14.g4 hxg4 15.f4 Nc4 ( 15...Nc6 16.Bxf6 {!} Bxf6 17.e5 Bg7
( 17...dxe5 18.Nxc6 Rxc6 19.Qxd7 $18 ) 18.Ne4 {!} Nxd4 19.Qxd4
Rc8 20.h5 Bf5 21.h6 Bh8 22.h7+ Kg7 23.Qf2 {!} {'with the idea' Qh4-h6 /Kalmar-Tiepelke/corr/1986-87/}
) 16.Qe2 b5 17.f5 Qb6 18.h5 Nxh5 19.Qxg4 Nxb2 {!?} 20.Kxb2 Rxc3
21.Kxc3 Qc5+ 22.Kb2 Bxd4+ 23.Kb1 Bg7 ( 23...Qc3 24.Rxd4 Qxd4
25.Be3 {!} Qxe3 {%03'with the idea'} ( 25...Bxf5 26.Qxh5 gxh5
27.Bxd4 Bxe4 28.Rxh5 e5 29.Bxa7 $18 ) ( 25...Qg7 26.Qxg6 Qxg6
( 26...Nf6 27.Qxg7+ Kxg7 28.Bh6+ Kg8 29.Rg1+ $18 ) 27.fxg6 Nf6
( 27...Ng3 28.gxf7+ Rxf7 29.Rg1 $18 ) 28.Bh6 Nxe4 ( 28...Rb8
29.Bxf7+ Kh8 30.Bf8+ $18 ) 29.Bxf8 Kxf8 30.Rh8+ Kg7 31.gxf7 $18 )
26.Qxg6+ Ng7 27.Qh7# ) 24.Bh6 {!} Qc3 ( 24...Bxh6 25.Qxg6+ Bg7
26.Rxh5 $18 ) 25.Bxg7 Qxg7 26.Rdg1 ( 26.Rdg1 Nf6 27.Qxg6 $18 ) 1-0

[Event "EU-ch 6th"]
[Site ""]
[Date "2005.06.18"]
[Round "1"]
[White "Carlsen Magnus"]
[Black "Praszak Michal"]
[Result "1-0"]
[WhiteElo "2548"]
[BlackElo "2261"]
[Annotator "Rogozenko"]
[Source "CBM 108"]
[Remark ""]

1.e4 c5 2.Nf3 d6 3.d4 cxd4 4.Nxd4 Nf6 5.Nc3 g6 6.Be3 Bg7 7.f3
O-O 8.Qd2 Nc6 9.O-O-O d5 10.exd5 Nxd5 11.Nxc6 bxc6 12.Bd4 e5
13.Bc5 Be6 14.Ne4 Re8 15.h4 h6 16.g4 Qc7 17.g5 h5 18.Bc4 Red8
19.Qf2 Qa5 ( 19...Qb7 {%03'better is'} $14 {%04/÷} )
( 19...a5 20.a4 $14 ) 20.Qe1 {N} ( 20.a3 Nf4 21.Rxd8+ Rxd8 22.Bxe6
Nxe6 23.Bxa7 Nd4 24.Bc5 Qb5 25.Re1 Rb8 $14 {½-½ Kriventsov,S (2409)-Kudrin,S (2554)/Stillwater 2005}
) ( 20.Rd2 Nf4 21.Bxe6 Nxe6 22.a3 Rd5 23.Be3 Nd4 24.Rd3 Rb8 $13
{1-0 Vorobiov,E (2440)-Pavlov,N (2310)/Moscow 1996 (56)} )
( 20.Rd3 Nf4 21.Ra3 Qc7 22.Bxe6 Nxe6 23.Rd1 Rxd1+ 24.Kxd1 Nxc5
25.Qxc5 Qd7+ 26.Rd3 Qh3 27.Qf2 Qh1+ 28.Qe1 Qh3 29.Kc1 Rb8 30.Qf2
Rb7 31.b3 Rd7 32.Rxd7 Qxd7 33.Qc5 Qf5 34.Qxc6 Qf4+ 35.Kb2 Qxh4
36.Qe8+ {1-0 Mueller,M-Weitzer,S (2250)/Germany 1995/GER-chT2} )
Nc3 {?} {This idea has a refutation.} ( 20...Qa4 21.Bb3 Qa6 22.Qf1
Qa5 $14 ) 21.Rxd8+ ( 21.Qxc3 {?} Qxc3 22.Nxc3 Bxc4 {=} ) Rxd8
22.Bxe6 {!} Rd1+ 23.Qxd1 Nxd1 24.Bb3 {!$18} {Black took the queen but loses too many pieces for it.}
Nxb2 25.Kxb2 Qc7 26.Rd1 {White is easily winning - all his pieces are very active.}
a5 27.a4 Kh7 28.Rd6 Qc8 29.Bxf7 Qf5 30.Bxg6+ Qxg6 31.Rxg6 Kxg6
32.Kb3 Kf5 33.Ng3+ 1-0

[Event "Mar.Lazne  2009 - GM"]
[Site ""]
[Date "2009.01.19"]
[Round "3"]
[White "Simacek Pavel"]
[Black "Kashlinskaya Alina"]
[Result "0-1"]
[WhiteElo "2493"]
[BlackElo "2303"]
[Annotator "Vokac,Marek"]
[Source ""]
[Remark ""]

1.e4 c5 2.Nf3 d6 3.d4 cxd4 4.Nxd4 Nf6 5.Nc3 g6 6.Be3 Bg7 7.f3
Nc6 8.Qd2 O-O 9.O-O-O d5 10.Kb1 Nxd4 11.e5 Nf5 12.exf6 Bxf6 13.Nxd5
Qxd5 14.Qxd5 Nxe3 15.Qd3 Nxd1 16.Qxd1 Be6 17.Be2 Rfd8 18.Qc1
b5 19.Rd1 Rdc8 20.Qe3 a5 21.g4 b4 22.Bb5 a4 23.Rd3 {'passed pawn'}
( 23.Rd2 ) Bxa2+ {!!} 24.Kxa2 Rxc2 25.g5 Bg7 26.Rd2
( 26.Qb6 Rxb2+ 27.Ka1 Rf8 {!$19} ) b3+ 27.Ka3 Bxb2+ 28.Kb4 Bc1
29.Rxc2 Bxe3 30.Re2 Bc1 31.Bd3 b2 32.Bb1 a3 33.Kb3 a2 34.Bxa2
Ra3+ 0-1

[Event "Mitropa Cup 17th"]
[Site ""]
[Date "1997.??.??"]
[Round "2"]
[White "Palac Mladen"]
[Black "Vokac Marek"]
[Result "1-0"]
[WhiteElo "2575"]
[BlackElo "2480"]
[Annotator "Vokac,Marek"]
[Source ""]
[Remark ""]

1.e4 c5 2.Nf3 Nc6 3.d4 cxd4 4.Nxd4 e5 5.Nb5 a6 6.Nd6+ Bxd6 7.Qxd6
Qf6 {'passed pawn'  Klíèové vìtvení celé varianty. Jednotlivé tahy bílého se liší
strategickými koncepcemi a dávají tak  zajímavý obrázek o celém tématu.}
8.Qc7 {Také tah v partii vychází ze slabosti èerných polí v táboøe èerného. Dotìrná
dáma èernému komplikuje vývin, na druhé stranì by však mohla být nebezpeènì obklíèena.}
( 8.Qxf6 {Snad az pøíliš jednoduchý postup zalozený na dvojici bílých støelcù. Bílý pro
nì chce co nejvíce pozici otevøít a postupu d7-d5 ani moc nebrání.}
Nxf6 9.Nc3 Nb4 10.Kd2 {!?} {Kuriózní tah podlozený variantou}
d5 11.a3 d4 12.axb4 dxc3+ 13.Ke3 $14 {
ale velkorysé zacházení s tempy asi dovoluje èernému drzet hru zavøenou tahem
10...d6,dokonèit vývin a hledat hru na dámském køídle, pøedevším na sloupci c.}
) ( 8.Qa3 {
Nároèný tah zamìøení na slabost èerných polí èerného, pøedevším diagonály
a3-f8. Bílá dáma ovšem nestojí zcela bezpeènì a hlavnì mi pøi takové agresivní
koncepci vadí drobný náskok èerného ve vývinu, který by ho mìl vyvést z nebezpeèí.  Po}
Nge7 ( 8...Qg6 {%05Gambit po} 9.Be3 Qxe4 10.Nc3 Qb4 11.Qxb4 Nxb4
12.O-O-O $44 {dává bílému velmi slibné moznosti.} ) 9.Nc3 Rb8
{!?} {(naznaèuje stinnou stránku ústupu bílé dámy).} 10.Be3 b5
11.Nd5 Nxd5 12.exd5 Ne7 13.O-O-O d6 {dostává èerný jistì pøijatelnou pozici s nadìjnými moznostmi protihry.}
) ( 8.Qd2 {
Lehce kuriózní tah zalozený na nebezpeèné myšlence neutralizovat èernou dámu
výpadem Dg5, eventuálnì vyvinout støelce na b2 a po dlouhé rochádì tvrde
pøitlaèit po sloupci d. I zde by mìl náskok ve vývinu èernému pomoci z problémù po}
Nge7 9.Nc3 O-O 10.Qg5 Qe6 {!$13} {protiakce èerného zaèíná pøedevším postupem f7-f5.}
) ( 8.Qd1 {
Povazováno za hlavní variantu, bílý se zamìøuje naklasický boj o pole d5.
Náskok ve vývinu však èernému dává velmi dobré taktické protišance. Po}
Qg6 9.Nc3 Nge7 ( 9...d5 {!?} {%05Èerný mùze zkusit i unikátní výpad}
{, az po delší dobì teorie objevila zøejmì citlivé místo varianty}
10.Nxd5 {!} Qxe4+ 11.Be3 Nd4 12.Nc7+ Ke7 13.Rc1 Bg4 14.Qd3 Qxd3
15.Bxd3 Rd8 16.h3 {s dalším f4 a nebezpeèným otevøením pozice.} )
10.h4 h5 11.Bg5 d5 12.exd5 Nb4 {Bod c2 je klíèovým cílem protihry èerného.}
13.Bxe7 Kxe7 14.d6+ Kf8 {!$13} {se slozitými zápletkami podle analýz IM Jaroslava Poláška.}
) Nge7 9.Nc3 Nb4 ( 9...Qe6 {%05Jinak lákavé} {po vtipné vlozce}
10.Bg5 {!} f6 11.Be3 {tìzce zápolí s citlivostí pole g7. Lék zatím nalezen nebyl.}
) 10.Bd3 d5 11.O-O d4 12.Na4 {!} {Útokna pole b6 nutí èerného vyjasnit situaci.}
Nxd3 13.cxd3 Qc6 14.Qxc6+ Nxc6 15.Nb6 Rb8 16.Bd2 Be6 {
Tuto pozici teorie oznaèuje za témìø vyrovnanou. Vìdìl jsem sice, ze to není
tak docela pravda, ale az na vlatní kùzi jsem si ovìøil, jak obtízná úloha èerného èeká.}
( 16...f5 17.Nxc8 Rxc8 18.exf5 Rf8 19.g4 g6 20.fxg6 hxg6 21.f4
Kd7 22.Rae1 ) ( 16...f6 17.f4 Bg4 18.Rf2 ) 17.f4 f6 {'passed pawn'}
18.b4 {!$16} {Mnohem silnìjší nez} ( 18.f5 {
, èerný si totiz musí trvale hlídat moznost otevøení sloupce f. Mezitím bílý
zcela ovládne prostor na dámském køídle.Nejhorší ovšem je, ze èerný nemá vùbec zádnou protihru.}
) Kd8 {Král jde na dámské køídlo vstøíc své záhubì. Opravdu však není vidìt rozumná
protiakce proti nástupu bílýchpìšcù na dámském køídle.}
( 18...exf4 {%05Ani pokus} 19.Bxf4 Ne5 20.Bxe5 fxe5 21.a4 Ke7
22.a5 {s dalším Vc1-c5 a zdvojením vìzí na sloupci c nijak výhodu bílého nezpochybní.}
) 19.a4 Kc7 20.a5 Rbd8 ( 20...f5 21.exf5 Bxf5 22.fxe5 Rbf8 23.Rf3
Bg6 ) 21.Rab1 Kb8 ( 21...Na7 {%05Po} 22.Rfc1+ Kb8 ( 22...Kd6
23.b5 Nxb5 24.Bb4# {%04mat.} ) 23.Rc5 {!} {znovu vynikne hloubka zadrzení bílého pìšce na f4.}
) 22.b5 axb5 23.Rxb5 Ka7 24.Rfb1 Rhe8 ( 24...Rb8 {%05Po} 25.f5
Bc8 {zaujaly èerné figury tragické postavení.} ) 25.f5 Bd7 {?}
{Nenapravitelná chyba pouští bílému pole c4. Nutné bylo}
( 25...Bg8 {, pøímoèarému útoku} 26.Na4 Re7 27.Nc5 Rb8 28.Rb6
Rc7 {snad èerný ještì odolá, ale bílý má volné ruce po celé šachovnici a mùze pozici
zesílit aktiizací krále nebonástupem pìšcù nakrálovském køídle.}
( 28...Ka8 29.a6 ( 29.Ra1 {!} Rc8 ( 29...Ka7 {!} 30.Nxb7 Rexb7
( 30...Nxa5 31.Nxa5 Kxb6 32.Rb1+ Kc7 33.Rxb8 Kxb8 34.Nc6+ Kc7
35.Nxe7 ) 31.Rxc6 Rb1+ 32.Rxb1 Rxb1+ 33.Kf2 Rb7 ) 30.a6 bxa6
31.Nxa6 Ra7 ( 31...Rb7 32.Rxc6 Rxc6 33.Nb4+ $18 ) 32.Rab1
( 32.Rc1 Rxa6 33.Rxa6+ Kb7 $18 ) Rd7 33.Rc1 $18 ) ( 29.Rc1 )
( 29.Kf2 ) bxa6 30.Rxa6+ Ra7 {=} ) 29.a6 Nd8 ) 26.Nc4 Bc8 27.Bc1
{!} {Aktivizaci této figury jiz pozice èerného nevydrzí, èerná pole jsou otevøenou
cestou do jeho tábora. Závìreèný útok je srozumitelný.} g6 28.fxg6
hxg6 29.Ba3 Re6 30.Bc5+ Ka8 31.a6 {!} bxa6 32.Rb6 Rd7 33.Na5
{!} Rc7 34.Nxc6 Bb7 35.Rxa6+ 1-0

[Event "Buenos Aires Sicilian"]
[Site ""]
[Date "1994.??.??"]
[Round "2"]
[White "Anand Viswanathan"]
[Black "Shirov Alexei"]
[Result "1/2-1/2"]
[WhiteElo "2720"]
[BlackElo "2740"]
[Annotator "Anand"]
[Source "CBM 044"]
[Remark ""]

1.e4 c5 2.Nf3 Nc6 3.d4 cxd4 4.Nxd4 e5 5.Nb5 d6 6.c4 Be7 7.Bd3
{!?} ( 7.Be2 Be6 8.O-O h6 $13 ) Nf6 8.O-O O-O 9.N1c3 a6 10.Na3
Ne8 ( 10...Be6 {%03'better is'} 11.b3 Nd7 ) 11.b3 {!} Bg5 12.Bb2
Be6 13.Nc2 Rc8 14.Kh1 {!} {'with the idea' g3,f4} Ne7 {?!} 15.Qe2
g6 16.Rad1 Ng7 17.Ne3 $16 {'with the idea' Bb1, Ba3, 'with the idea' g3, f4$36}
Qb6 18.Rfe1 Nc6 {!} 19.Bb1 {!} ( 19.Ncd5 Qc5 20.Bb1 f5 {!?} )
Rcd8 ( 19...Nd4 {?} 20.Qd3 {'with the idea' Na4} ) 20.Ncd5 Qc5
21.Qf3 {?!} ( 21.g3 {!} {'with the idea' f4} f5 22.exf5 gxf5
23.f4 Bh6 $16 ) f5 {!} 22.Qg3 ( 22.exf5 Bxe3 {!} 23.Nxe3 Nxf5
$131 ) Bxe3 23.fxe3 Rf7 {!$13} {'with the idea' Rdf8} 24.exf5
Bxf5 {!} ( 24...Nxf5 {?} 25.Bxf5 Bxf5 26.e4 Be6 27.Bc1 $16 )
25.Bxf5 Nxf5 26.Qg5 Rdf8 27.h3 {!} b5 28.e4 Nfd4 29.cxb5 axb5
30.Bc1 {!} Qa7 31.Qh4 Nc2 {!} 32.Rg1 $7 Qf2 {!} 33.Qg4 Kg7 34.Rgf1
{?!} ( 34.Qe6 Qc5 {!} {'with the idea' N6d4} ) ( 34.a4 {!$14} )
Qxf1+ 35.Rxf1 Rxf1+ 36.Kh2 N6d4 ( 36...Rxc1 {?} 37.Qd7+ ) 37.Bg5
Ne1 38.Be3 R8f7 39.Qc8 R1f2 {??} ( 39...Nec2 $15 ) 40.Bxf2 Rxf2
41.Qd7+ {??} ( 41.Qc7+ {!} Kh6 42.Ne3 Re2 43.Ng4+ Kg5 44.Qc1+
$18 ) Kh6 {!$13} 42.Ne3 Re2 43.Ng4+ Kg5 44.Kg1 {!!}
( 44.Qxd6 Ndf3+ 45.Kh1 Kf4 {!!} ( 45...Rxg2 46.Qf6+ Kh5 47.Qxf3
{!=} ) 46.gxf3 Nxf3 47.Qd3 Rxa2 48.Qf1 Kg3 {!$19} {'with the idea' h5}
) ( 44.Qxh7 Rxg2+ 45.Kh1 Kf4 46.Qf7+ Kg3 47.Qxg6 Kh4 {!}
( 47...Kxh3 {?} 48.Qh5+ Kg3 49.Ne3 $18 ) 48.Qh6+ Kg3 49.Qg6 Kh4
{!=} ) Kf4 45.Qxd6 Rxg2+ 46.Kf1 Ndf3 47.Nxe5 {!} Rg1+ 48.Kf2
Rg2+ 1/2-1/2

[Event "Corus"]
[Site ""]
[Date "2003.01.19"]
[Round "7"]
[White "Anand Viswanathan"]
[Black "Ponomariov Ruslan"]
[Result "1-0"]
[WhiteElo "2753"]
[BlackElo "2734"]
[Annotator "Avrukh,B"]
[Source "CBM 093"]
[Remark ""]

1.e4 c5 2.Nf3 Nc6 3.d4 cxd4 4.Nxd4 e5 5.Nb5 d6 6.N1c3 a6 7.Na3
Nf6 8.Nc4 ( 8.Bg5 {%05Usually white play here} {transfering to a normal Sveshnikov}
) b5 9.Ne3 b4 {?!} {
This novelty only shows,that Ruslan was really out of  his usual shape ,during
Corus tournament.Probably all the commotion around his match with Kasparov had very bad influence on him.}
( 9...Be6 10.a3 {?!} ( 10.Bd3 {%03'better is'} ) Rc8 11.Be2 {?}
( 11.Bd3 {%03'better is'} ) Nd4 12.O-O Be7 13.f4 Qb6 14.f5 Nxe2+
15.Nxe2 Bc4 16.Kh1 Nxe4 $17 {½-½ Alekhine,A-Galindo/Madrid 1941/EXT 99 (22)}
) ( 9...Be7 10.Bd3 O-O 11.O-O Rb8 12.Ncd5 Nxd5 13.exd5 Na5 14.a4
b4 15.Bd2 f5 16.c3 bxc3 17.Bxc3 e4 18.Bc2 Bf6 19.g3 Bd7 20.Rb1
Nb7 {½-½ Shirov,A-Ivanchuk,V/Wijk aan Zee NED 2003/The Week in Chess 428 (20)}
) 10.Ncd5 {!} ( 10.Na4 {%03worse is} Be7 11.Bc4 O-O 12.O-O Be6
{and black is ok} ) Nxe4 {
Obviously it's very clear,that to take this pawn is very dangerous for
black,especially against such a player, like Anand.This game shows once again his great feeling of developing the initiative.}
11.a3 bxa3 ( 11...b3 {%03'better is'} {!?} 12.cxb3
( 12.c3 Nc5 ) Nd4 13.Bc4 Be7 14.O-O O-O 15.b4 Bb7 16.b3 {%15LD(c1:b2)}
$14 ) 12.Rxa3 g6 ( 12...Be7 13.Bb5 Bb7 14.Bxc6+ Bxc6 15.Qg4 {%15D(e4) D(g7)}
Nf6 16.Qxg7 $16 ) ( 12...Bb7 13.c3 ( 13.Bc4 {!?} ) Nc5
( 13...Be7 {%03'with the idea'} 14.Qg4 {%15D(e4) D(g7)} ) 14.Bc4
$40 ) 13.c3 {!} {%15LD(d1:a4)} Bd7 {?} {This is already too optimistic}
( 13...Bb7 14.Qf3 f5 15.Nxf5 gxf5 ( 15...Nd4 16.Qxe4 Nxf5 17.Nf6+
{%15LD(e4:b7)} $18 ) 16.Qh5+ Kd7 17.Qxf5+ {%15LD(f5:e4)} $18 )
( 13...Nc5 14.b4 {%15LD(b4:b5)} ) ( 13...f5 {%03'better is'}
{%05Necessary was} 14.f3 {%05White has a lot of opportunities to seize the initiative :}
( 14.Nc4 {!?} Rb8 15.Be3 {%15LD(e3:b6)} Nc5 16.b4 f4 {%02!$131} )
( 14.g4 {!?} ) Nc5 15.b4 Ne6 16.b5 $36 ) 14.Nc4 {%15LD(c4:b6) D(d6)}
$16 Rb8 15.Be3 {%15LD(e3:b6)} f5 {Already very difficult to reccomend something for black}
16.Bb6 Rxb6 ( 16...Qh4 17.g3 Nxg3 18.fxg3 Qe4+ 19.Kf2 Qxh1 20.Nf6+
$18 ) 17.Ncxb6 Bh6 18.Bd3 {!} {Easily refuting black idea,in fact Bd2 is not a serious threat.}
O-O ( 18...Bd2+ 19.Ke2 Bg5 20.h4 {!} Bxh4 ( 20...Be7 21.h5 )
21.Bxe4 fxe4 22.Nxd7 Kxd7 23.Rxa6 $18 ) 19.Bxe4 fxe4 20.O-O Be6
21.Rxa6 Qh4 22.Qe2 Nd8 23.Ra8 $18 {It was quite logical to give up here,but Ruslan continues to fight for some moves.}
Kg7 24.g3 {!} ( 24.Rfa1 {%15LD(a1:a7)} {%02!?$18} ) Bg4
( 24...Qh3 25.Qxe4 ) 25.gxh4 Bxe2 26.Rfa1 g5 27.Nd7 {!} Rf5 28.Rxd8
gxh4 {%15LD(f5:g5)} 29.Rg8+ {!} Kf7 ( 29...Kxg8 30.Ne7+ {%15LD(e7:f5)}
) 30.Ra7 Rf3 31.N7f6+ Ke6 32.Re7+ Kf5 33.Ng4 Bd2 34.Nge3+ {Piece Path}
 1-0

[Event "ARM-ROW m"]
[Site ""]
[Date "2004.06.15"]
[Round "6"]
[White "Anand Viswanathan"]
[Black "Kasparov Garry"]
[Result "1/2-1/2"]
[WhiteElo "2774"]
[BlackElo "2817"]
[Annotator "Rogozenko"]
[Source "CBM 102"]
[Remark ""]

1.e4 c5 2.Nf3 Nc6 3.d4 cxd4 4.Nxd4 Nf6 5.Nc3 e5 6.Ndb5 d6 7.Bg5
a6 8.Na3 b5 9.Bxf6 gxf6 10.Nd5 Bg7 11.c3 f5 12.exf5 Bxf5 13.Nc2
O-O 14.Nce3 Be6 15.Bd3 f5 16.O-O Ra7 17.a4 Ne7 18.Nxe7+ Rxe7
19.axb5 axb5 20.Ra6 ( 20.Bxf5 Rxf5 21.Nxf5 Bxf5 22.Qf3 Qd7 23.Ra8+
Bf8 24.Rfa1 Rf7 {is okay for Black} ) ( 20.Bxb5 d5 21.Ra6 Kh8
( 21...f4 22.Rxe6 Rxe6 23.Qxd5 $14 ) 22.Qa4 ( 22.f4 d4 23.cxd4
exf4 24.Rxf4 Bc8 25.Ra3 Bh6 26.Rf3 f4 $15 {0-1 Hector,J-Rogozenko,D/Goteborg 2004 (56)}
) f4 23.Nc2 Bc8 24.Ra8 Re6 $45 ) d5 21.Nc2 {N} ( 21.Rxe6 Rxe6
22.Nxf5 e4 23.Nxg7 Kxg7 24.Bxb5 $13 {1-0 Zelcic,R-Sermek,D/Belisce 1999 (34)}
) ( 21.Bxb5 {transposes to 20.Bxb5 d5 21.Ra6, see above.} )
( 21.Qh5 e4 ( 21...Qd7 {!?} ) 22.Bxb5 f4 23.Rxe6 Rxe6 24.Qxd5
Qxd5 25.Nxd5 $14 {½-½ Nilsson,J-Binelli,R/SSKK 60 jub corr 1998 (35)} )
Bc8 ( 21...f4 22.Bxb5 ( 22.Qh5 e4 $37 ) Bc8 23.Ra8 {and Black still must prove his compensation.}
) 22.Ra8 Qd7 ( 22...Qb6 23.Nb4 Be6 24.Ra6 Qb7 25.Bc2 $14 ) 23.Nb4
e4 24.Be2 ( 24.Bc2 d4 {=} ) Bb7 ( 24...d4 {!?} 25.cxd4 Bxd4 26.Qb3+
( 26.Bxb5 Bxf2+ {!} ) Qe6 ( 26...Kg7 27.Rd1 ) 27.Nd5 $13 ) 25.Ra5
( 25.Rxf8+ {%05Black is doing great after} Kxf8 ) d4 26.cxd4
( 26.cxd4 Qxd4 ( 26...Bxd4 27.Bxb5 ) 27.Rxb5 ( 27.Qxd4 Bxd4 28.Rxb5
Bxb2 {=} ) f4 {%02!?$45} ( 27...Qxd1 28.Rxd1 Bxb2 29.Nd5 Bxd5
30.Rdxd5 Bc3 31.Rxf5 Rxf5 32.Rxf5 $16 ) ) 1/2-1/2